| Tag |
First Indicator |
Second Indicator |
Subfields |
| LEADER |
00000cam a22000008a 4500 |
| 001 |
in00000089389 |
| 005 |
20151008063431.0 |
| 008 |
810618s1981 nyua b 00010beng |
| 010 |
|
|
|a 81005412
|
| 020 |
|
|
|a 0517544997
|
| 035 |
|
|
|a (OCoLC)07573059
|
| 035 |
|
|
|9 AAK2221AM
|
| 039 |
0 |
|
|a 2
|b 3
|c 3
|d 3
|e 3
|
| 040 |
|
|
|a DLC
|c DLC
|d TXA
|d UtOrBLW
|
| 041 |
1 |
|
|a eng
|a fre
|
| 049 |
|
|
|a TXAM
|c [800613]
|
| 050 |
0 |
0 |
|a ND553.V3
|b W3 1981
|
| 082 |
0 |
|
|a 759.4
|a B
|2 19
|
| 100 |
1 |
|
|a Warnod, Jeanine.
|
| 245 |
1 |
0 |
|a Suzanne Valadon /
|c by Jeanine Warnod.
|
| 263 |
|
|
|a 8110
|
| 264 |
|
1 |
|a New York :
|b Crown,
|c [1981]
|
| 264 |
|
4 |
|c ©1981
|
| 300 |
|
|
|a 96 pages :
|b illustrations (some color) ;
|c 29 cm.
|
| 336 |
|
|
|a text
|b txt
|2 rdacontent
|
| 337 |
|
|
|a unmediated
|b n
|2 rdamedia
|
| 338 |
|
|
|a volume
|b nc
|2 rdacarrier
|
| 500 |
|
|
|a Translated from the French by Shirley Jennings.
|
| 504 |
|
|
|a Bibliography: pages 93-95.
|
| 600 |
1 |
0 |
|a Valadon, Suzanne,
|d 1865-1938.
|
| 650 |
|
0 |
|a Painters
|z France
|v Biography.
|
| 999 |
|
|
|a MARS
|
| 999 |
f |
f |
|s 5c2e9e93-49d9-3459-94f8-5348f3568eae
|i 4c86a4e1-6b7d-3b5d-9a26-c6baa30f69f9
|t 0
|
| 952 |
f |
f |
|p normal
|a Texas A&M University
|b College Station
|c Sterling C. Evans Library
|d Evans: Library Stacks
|t 0
|e ND553.V3 W3 1981
|h Library of Congress classification
|i unmediated -- volume
|m A14806169914
|
| 998 |
f |
f |
|a ND553.V3 W3 1981
|t 0
|l Evans: Library Stacks
|